भारतीय दर्शन में मानवतावादी अवधारणा / (Record no. 72200)

MARC details
000 -LEADER
fixed length control field 01374nam a22003137a 4500
005 - DATE AND TIME OF LATEST TRANSACTION
control field 20121217122038.0
008 - FIXED-LENGTH DATA ELEMENTS--GENERAL INFORMATION
fixed length control field 121211t xxu||||| |||| 00| 0 hin d
010 ## - LCCN (DPL NO)
LC control number HIN-97729
020 ## - INTERNATIONAL STANDARD BOOK NUMBER
Terms of availability 200.00
International Standard Book Number 8188214875
035 ## - SYSTEM CONTROL NUMBER
System control number HN-70075
037 ## - SOURCE OF ACQUISITION
Source of stock number/acquisition DBAD / PUB
040 ## - CATALOGING SOURCE
Original cataloging agency DPL
Language of cataloging HN
082 ## - DEWEY DECIMAL CLASSIFICATION NUMBER
Classification number 230.1
100 ## - MAIN ENTRY--PERSONAL NAME
9 (RLIN) 27482
245 ## - TITLE STATEMENT
Title भारतीय दर्शन में मानवतावादी अवधारणा /
Statement of responsibility, etc देव कुमार यादव आदि....द्वारा संपादित
260 ## - PUBLICATION, DISTRIBUTION, ETC. (IMPRINT)
Name of publisher, distributor, etc राका प्रकाशन
Date of publication, distribution, etc 2009
Place of publication, distribution, etc इलाहाबाद
270 ## - ADDRESS
Address 40ए, मतीलाल नेहरू रोड
City इलाहाबाद
300 1# - PHYSICAL DESCRIPTION
Extent 164पृ.
Dimensions 22सेमी (सजिल्द)
650 ## - SUBJECT ADDED ENTRY--TOPICAL TERM
9 (RLIN) 1170
650 ## - SUBJECT ADDED ENTRY--TOPICAL TERM
9 (RLIN) 1169
700 ## - ADDED ENTRY--PERSONAL NAME
9 (RLIN) 27483
Personal name यादव, देव कुमार
700 ## - ADDED ENTRY--PERSONAL NAME
9 (RLIN) 54344
Personal name त्रिपाठी, विवेक कुमार
700 ## - ADDED ENTRY--PERSONAL NAME
Personal name श्वेता
9 (RLIN) 54355
700 ## - ADDED ENTRY--PERSONAL NAME
Personal name मिश्र, देवेन्द्र कुमार
9 (RLIN) 54356
710 ## - ADDED ENTRY--CORPORATE NAME
9 (RLIN) 52094
711 ## - ADDED ENTRY--MEETING NAME
9 (RLIN) 52444
942 ## - ADDED ENTRY ELEMENTS (KOHA)
Institution code [OBSOLETE] dpl
Item type Hindi Books
Source of classification or shelving scheme Dewey Decimal Classification
Call number suffix भारती
Classification part 230.1
Holdings
Withdrawn status Lost status Source of classification or shelving scheme Damaged status Not for loan Collection code Home library Current library Date acquired Source of acquisition Cost, normal purchase price Total Checkouts Full call number Barcode Date last seen Copy number Cost, replacement price Koha item type
    Dewey Decimal Classification   Not For Loan Non-fiction D.B.Act.Division D.B.Act.Division 17/12/2012 DBAD / PUB 200.00   230.1 भारती HN-70075 17/12/2012 1 200.00 Hindi Books

© Delhi Public Library
Hit Counter
free hit counter